Gandhi and the Ali brothers: biography of a friendship
Guardat en:
| Autor principal: | |
|---|---|
| Format: | Llibre |
| Idioma: | anglès |
| Publicat: |
Sage Publications,
2013.
|
| Etiquetes: |
Afegir etiqueta
Sense etiquetes, Sigues el primer a etiquetar aquest registre!
|
MARC
| LEADER | 00000nam a22000007a 4500 | ||
|---|---|---|---|
| 008 | 210528b ||||| |||| 00| 0 eng d | ||
| 020 | |a 978-81-321-1125-2 | ||
| 100 | |a CHATTERJI, Rakhahri. | ||
| 245 | |a Gandhi and the Ali brothers: |b biography of a friendship |c Rakhahri Chatterji |g xi,; 229p. | ||
| 260 | |b Sage Publications, |c 2013. |h Thousand Oaks, California: |i 691976 |i 691977 |l DS480.45 .C38 |m Gandhi, Mahatma 1869 – 1948. |m Ali Shaukat, 1873. |m Ali Mohamed,1878 – 1931. |m Khilaft, Movement. |m India – Politics and government 1919 – 1947. | ||
| 500 | |a “It includes references and index”. | ||
| 942 | |a lcc |c BK |e Adeniran, F. A. |f 28/05/2021 | ||
| 952 | |0 0 |1 0 |2 lcc |4 0 |6 DS048045 C38 |7 0 |9 2475 |a HOL |b ART |c AF |d 2021-05-28 |l 0 |o DS480.45 .C38 |p 2021-6327 |r 2021-05-28 00:00:00 |w 2021-05-28 |y BK | ||
| 952 | |0 0 |1 0 |2 lcc |4 0 |6 DS048045 C38 |7 0 |9 2476 |a HOL |b HOL |c AF |d 2021-05-28 |l 0 |o DS480.45 .C38 |p 2021-6328 |r 2021-05-28 00:00:00 |w 2021-05-28 |y BK | ||
| 999 | |c 1289 |d 1289 | ||